000 nam a22 a 4500
999 _c1360
_d1360
005 20170509114944.0
008 170509b1983 enk||||| |||| 00| 0 eng d
040 _aAKMAL
082 _219
_a302 PER
090 _a302
_bPER
100 _aPerlman, Daniel.
_92669
245 1 0 _aSocial psychology /
_cDaniel Perlman, P. Chris Coxby.
260 _aNew York
_aLondon
_bHolt, Rinehart and Winston for the Society for the Psychological Study of Social Issues
_cc1983.
300 _axxiii,616p.
_c25cm
500 _aBibliography: p542-590. _ Includes index.
599 _aDALAM PROSES
650 _aSocial psychology.
_91237
700 _aCozby, P. Chris
_q(Paul Chris)
_92670
710 _aSociety for the Psychological Study of Social Issues.
_92671
852 _aBritish Library
_bDSC
852 _aBritish Library
_bHMNTS
942 _2ddc
_cBOOK